| 000 | 00369 a2200169 4500 | ||
|---|---|---|---|
| 001 | 13193 | ||
| 020 | _a9788516093594 | ||
| 040 | _cAnchieta - Aquarius | ||
| 100 | _aForjaz, Sonia Salerno | ||
| 240 | 1 | 0 |
_aPonto de vista _lpor |
| 245 | 1 | 0 | _aPonto de vista |
| 300 | _a | ||
| 362 | 0 | _a2014 | |
| 440 | 1 | _aModerna | |
| 650 | 4 | _aLiteratura infanto-juvenil | |
| 942 | _cBK | ||
| 999 |
_c13193 _d13193 |
||